| 000 | 00440nam a2200169Ia 4500 | ||
|---|---|---|---|
| 008 | 230917s9999||||xx |||||||||||||| ||und|| | ||
| 020 | _cRS995 | ||
| 040 |
_e258078 _aMAIN |
||
| 041 | _aEnglish | ||
| 082 | _a954.02 S23C | ||
| 100 | _aSharma, Yogesh, ed. | ||
| 245 | 0 | _aCities in medieval India | |
| 260 |
_aDelhi _bPrimus Books _c2019 |
||
| 300 | _ax, 828 p. | ||
| 500 | _a3647 01/10/2019 RK19/1917 10/10/2019 Main Budget | ||
| 942 | _cBK | ||
| 999 |
_c33024 _d33024 |
||